Sustainability in the steel industry

Analýza úrovne udržateľnosti oceliarskeho priemyslu. Použité vedecké metódy: analýza, syntéza a analógia. Charakteristika trvalo udržateľného rozvoja, jeho ciele a súvislosť s praxou. Integrácia sociálnych a environmentálnych cieľov do rámca oceliarskeho priemyslu.

Salvato in:
Dettagli Bibliografici
Autore principale: Okasová, Zuzana, 1988-
Natura: Capitolo di libro
Lingua:inglese
Soggetti:
Tags: Aggiungi Tag
Nessun Tag, puoi essere il primo ad aggiungerne!!

MARC

LEADER 00000nla a2200000 4500
001 0238881
005 20240502073851.4
041 0 |a eng 
044 |a SK 
245 1 0 |a Sustainability in the steel industry  |c Zuzana Okasová 
520 |a Analýza úrovne udržateľnosti oceliarskeho priemyslu. Použité vedecké metódy: analýza, syntéza a analógia. Charakteristika trvalo udržateľného rozvoja, jeho ciele a súvislosť s praxou. Integrácia sociálnych a environmentálnych cieľov do rámca oceliarskeho priemyslu. 
610 2 0 |a oceliarne 
610 2 0 |a oceľ 
610 2 0 |a rozvoj trvalo udržateľný 
610 2 0 |a ciele riadenia 
610 2 0 |a environmentalistika 
610 2 0 |a inovácie sociálne 
100 1 |a Okasová, Zuzana, 1988-